00342nam a2200133Ia 4500003000400000008004100004040001600045082001300061100001900074245004200093260003800135300001200173650002300185GCL140319s9999 xx 000 0 eng d aGCL / cGCL04a823bH A1 aHUXLEY, ALDOUS10aANTIC HAY : ANOVEL / cHUXLEY, ALDOUS a[S.N] : bPENGUIN BOOKS ، c1948 a245 P P04aENGLISH LITERATURE